00314nam a2200109Ia 4500008004100000020001800041050001400059245004400073260003400117300001500151650003800166120626s9999 xx 000 0 und d a968-19-0319-6 aPQ7085 17 aCuentos Latinoamericanosb: Antología aColombiab: Alfaguarac, 1996 a134 pág. a1. Cuentos latinoamericanosÌÌ